1355 1104 1326 1347 1239 1207 1298 1620 1175 1333 1705 1779 1426 1937 1923 1014 1991 1989 1608 1067 1103 1063 1753 1565 1084 1501 1526 1172 1157 1282 1322 1357 1417 1630 1681 1872 1973 1185 1618 1653 1649 1492 1434 1127 1774 1670 1707 1408 1372 1148 1736 1838 1956 1434 1773 1276 1241 1597 1433 1266 1134 1301 1963 1966 1748 1388 1133 1192 1248 1662 1714 1443 1706 1630 1765 1344 1832 1742 1355 1129 1821 1587 1743 1043 1405 1011 1643 1073 1495 1487 1599 1159 1478 1224 1609 1936 1871 1384 1301 BCNSPRNW ULIB Ver.6.0+V

เปลี่ยนเป็นภาษาไทย

Change to English
 แสดงรายละเอียดบรรณานุกรม
  กลับหน้าหลัก

Brief Record : Get Marc (ISO 2709) : E-mail record : QR code < ปิดหน้าต่าง
LEADER : 00000nam 2200000uu 4500
001    13399124507
003     ULIB
008    150817s2556 th a 000 0 tha d
020    9789749804244
020    9789749804247
090    นว.^bล158ม ล.7
100    ล่อร่า อิงกัลล์ส์ ไวล์เดอร์;^eผู้แต่ง
245    เมืองเล็กในทุ่งกว้าง/^cล่อร่า อิงกัลล์ส์ ไวล์เดอร์. ; เขียน ,สุคนธรส. ; แปล
250    พิมพ์ครั้งที่ 8
260    กรุงเทพฯ :^bแพรวเยาวชน,^c2556
300    308 หน้า;^b18.5 ซม.
500    หนังสือชุดบ้านเล็ก
700    สุคนธรส ;^eแปล
945    ^p220^l0^i039778
999    ^aทศพร
รายการนี้ยังไม่มีแท็ก
คุณยังไม่ได้ล็อกอิน คุณสามารถมีกิจกรรมร่วมกับเว็บไซต์ได้ แต่ต้องล็อกอินก่อน ::
  ล็อกอิน

รายการสื่อสารสนเทศ

ลำดับที่ ประเภท เลขเรียก/บาร์โค้ด สถานที่ สถานะ
1. นวนิยาย
นวนิยาย
นว. ล158ม ล.7 ฉ.1 
  Barcode: 039778
ห้องสมุดวิทยาเขตสวรรค์ประชารักษ์
►นวนิยาย
บนชั้น
  ขอยืม

BibComment


ยังไม่เคยถูกคอมเมนท์

คอมเมนท์ทรัพยากรรายการนี้
  คอมเมนท์: เมืองเล็กในทุ่งกว..


 Copyright 2026. Bcnsprnw @Library